00539nam a2200205 a 4500001001300000003000900013005001700022008004100039020001000080082001500090100002200105245003800127260004400165300000900209500003500218505001000253650002500263650002300288700002200311nice12345678IN_TiNIC20260116011704.0050524s1978 dela grp 000 0 eng  ac11000a340.9bQUR aQureshi, Mohammed aMarriage and Matremonial Remedies aDelhibConcept Publishing Companyc1978 a484p aincludes index and biblioraphy2 aIndex aIslamic-Law Marriage aUniform Civil Code1 aQureshi, Mohammed